000 00816cam a2200265 4500
001 3392
003 BD-RjUL
005 20211208233726.0
008 131219s19791973enk b 001 0 eng
035 _a(BD-RjUL)3426
040 _aDLC
_cDLC
_dDLC
_beng
041 _aeng
082 0 0 _a335.412
_216
_bMOM 1979
100 1 _aMorishima, Michio,
_d1923-2004.
_96638
245 1 0 _aMarx's economics :
_ba dual theory of value and growth. /
_cMichio Morishima,
260 _aCambridge :
_bUniversity Press,
_cc1973.[reprinted 1979]
300 _aviii, 198 p.
_c23 cm.
504 _aIncludes bibliographical references.
526 _bEconomics
650 0 _aMarxian economics.
_96707
650 0 _aEconomic development
_xMathematical models.
_910594
942 _2ddc
_cBK
999 _c3392
_d3392